000 00502nam a2200205Ia 4500
003 OSt
005 20220926045421.0
006 a|||||r|||| 00| 0
007 ta
008 220923b |||||||| |||| 00| 0 eng d
037 _cGeneral Book
040 _aRTL
_cRTL
_beng
041 _2eng
_aeng
082 _aU.6.N7, L4
100 _aFordham
_9350189
245 0 _aGeography of African Affairs
260 _c1974
942 _hU.6.N7, L4
_cGB
_2CC
999 _c677526
_d677526